| 000 | 00997nam a22002055i 4500 | ||
|---|---|---|---|
| 001 | 160876 | ||
| 003 | ES-MaACL | ||
| 005 | 20250823110929.0 | ||
| 008 | 991102s1858 sp |||| | spa d | ||
| 040 |
_aCCPB | B _bspa _cCCPB | B |
||
| 100 | 1 |
_aOchoa, Carlos de. _9130593 |
|
| 245 | 1 | 0 |
_aViaje sentimental _b: comedia en un acto / _carreglada á la escena española por Carlos de Ochoa. |
| 260 |
_aMadrid : _b[s.n.], _c1858 ( _fImp. de la Revista de Caminos de Hierro) |
||
| 300 |
_a28 p. ; _c20 cm. |
||
| 490 | 1 | _aEl museo literario : galería dramática y musical / de Prudencio de Regoyos | |
| 500 | 1 | _aEn port.: Representada por primera vez en el teatro del Príncipe, el 11 de Diciembre de 1858. | |
| 830 | 0 | 3 |
_aEl museo literario: galería dramática y musical _9222075 |
| 852 |
_aES-MaACL _jF-8557(3) _z-- Enc. pasta española _q-- Falto de la cub. original _z-- Enc. en un vol. facticio formando parte de la col. facticia "Teatro español moderno", v.9 |
||
| 999 |
_c160876 _d160876 |
||